000 01200nam a2200325Ia 4500
003 OSt
005 20221007123249.0
006 a|||||r|||| 00| 0
007 ta
008 221006b |||||||| |||| 00| 0 eng d
020 _a0030015472 (hbd)
_c
_ 86.00
024 _a5166
037 _bSumee,
_cTextual
040 _aPAPL
_cPAPL
_beng
041 _2eng
_aeng
082 _aC'N, N7
100 _aSerway Raymond A
_9716994
245 0 _aModern physics by Raymond A Serway and others
_b Moses Clement J Moyer Curt A
250 _aEd 2
260 _aFort
_bWorth Saunders College Publishing
_c1997
300 _axxiii,666p+A27+I16
_ccm.
490 _vIncludes a floppy disk of MP Desktop
_aSaunders golden sunburst series
500 _aAppendix A1-27p; Index I1-16p; ^n23/CSL/Carpa/97-98/6133^d1998-03-20^mPurchase; ; 98-99/454^b1998-03-20^cSB/830^d1998-03-20^eSumee Books; ; 1998-06-11^c1998-06-11^r1998-07-24
650 _a Modern physics
_9715172
650 _aPhysics
700 _a Moses Clement J
_9716995
700 _a Moyer Curt A
_9716996
942 _hC'N, N7
_cTEXL
_2CC
999 _c1211622
_d1211622